| 000 | 00794cam a22001811 4500 | ||
|---|---|---|---|
| 082 |
_a620.112 _bSTR _cL-21, P-31 |
||
| 110 | 1 |
_aGreat Britain. _939715 |
|
| 245 | 1 | 0 | _aStrength & testing of materials. |
| 260 |
_aLondon, _bPublished for the Technical Information and Documents Unit of the Dept. of Scientific and Industrial Research by H. M. Stationery Off., _c1952. |
||
| 300 |
_a260 p,; _billus. _c25 cm. |
||
| 490 | 1 | _aGreat Britain. Dept. of Scientific and Industrial Research. Selected Government research reports, | |
| 505 | 0 | _apt. 1. Theoretical papers on strength and deformation.--pt. 2. Testing methods and test results. | |
| 526 |
_a0 _b0 _c0 _d620_112000000000000_STR |
||
| 650 | 0 |
_aMCE _9379 |
|
| 650 | 0 |
_aStrength of materials. _9563 |
|
| 650 | 0 |
_aTesting. _940531 |
|
| 942 |
_2ddc _cBK |
||
| 999 |
_c545067 _d545067 |
||